000 01102nam a22001457a 4500
999 _c517971
_d517971
008 210806b ||||| |||| 00| 0 eng d
100 _aFershtman, Chaim and Persitz, Dotan
_928298
245 _aSocial clubs and social networks
260 _aAmerican Economic Journal: Microeconomics
300 _a13(1), Feb, 2021: p.224-251
520 _aWe present a strategic network formation model based on membership in clubs. Individuals choose affiliations. The set of all memberships induces a weighted network where two individuals are directly connected if they share a club. Two individuals may also be indirectly connected using multiple memberships of third parties. Individuals gain from their position in the induced network and pay membership fees. We study the club congestion model where the weight of a link decreases with the size of the smallest shared club. A trade-off emerges between the size of clubs, the depreciation of indirect connections, and the membership fee. – Reproduced
773 _aAmerican Economic Journal: Microeconomics
906 _aSOCIAL NETWORKS
942 _cAR